Κατάλογος Βιβλιοθηκών Mediterranean College

Θεμελιώδεις αρχές συστημάτων βάσεων δεδομένων/ (Record no. 9815)

MARC details
000 -LEADER
fixed length control field 04456nam a22003137a 4500
003 - ΤΑΥΤΟΤΗΤΑ ΤΟΥ ΑΡΙΘΜΟΥ ΕΛΕΓΧΟΥ
Πεδίο ελέγχου GR-AtMCL
005 - ΗΜΕΡΟΜΗΝΙΑ ΚΑΙ ΩΡΑ ΤΕΛΕΥΤΑΙΑΣ ΕΝΗΜΕΡΩΣΗΣ
Πεδίο ελέγχου 20250724114554.0
006 - FIXED-LENGTH DATA ELEMENTS--ADDITIONAL MATERIAL CHARACTERISTICS
Πεδίο ελέγχου σταθερού μήκους a|||||r|||| 00| 0
008 - FIXED-LENGTH DATA ELEMENTS--GENERAL INFORMATION
Πεδίο ελέγχου σταθερού μήκους s2001 da r 000 u gre d
020 ## - ISBN
Επεξηγηματικές πληροφορίες v. 1
040 ## - ΠΗΓΗ ΚΑΤΑΛΟΓΟΓΡΑΦΗΣΗΣ
Φορέας πρωτότυπης καταλογογράφησης MC Athens Campus Library
Κανόνες περιγραφικής καταλογογράφησης AACR2
Modifying agency MC Athens Campus Library
041 0# - ΓΛΩΣΣΑ
Κωδικός γλώσσας πρωτότυπου Αγγλικά
100 1# - MAIN ENTRY--PERSONAL NAME
Personal name Elmasri, Ramez
240 10 - ΟΜΟΙΟΜΟΡΦΟΣ ΤΙΤΛΟΣ
Ομοιόμορφος τίτλος Fundamentals of database systems.
245 10 - ΤΙΤΛΟΣ ΚΑΙ ΔΗΛΩΣΗ ΥΠΕΥΘΥΝΟΤΗΤΑΣ
Τίτλος Θεμελιώδεις αρχές συστημάτων βάσεων δεδομένων/
Statement of responsibility, etc. Ramez Elmasri, Shamkant B. Navathe ; μετάφραση-επιμέλεια Μιχάλης Χατζόπουλος
250 ## - EDITION STATEMENT
Edition statement 3η έκδ. αναθεωρ.
260 ## - PUBLICATION, DISTRIBUTION, ETC.
Place of publication, distribution, etc. Αθήνα:
Name of publisher, distributor, etc. Δίαυλος,
Date of publication, distribution, etc. c2001.
300 ## - PHYSICAL DESCRIPTION
Extent 668 σ.:
Διαστάσεις 25 εκ.
500 ## - GENERAL NOTE
Γενική σημείωση Μετάφραση του: "Fundamentals of database systems".
504 ## - ΣΗΜΕΙΩΣΗ ΒΙΒΛΙΟΓΡΑΦΙΑΣ κλπ.
Σημείωση βιβλιογραφίας, κλπ. Περιέχει βιβλιογραφικές αναφορές και ευρετήριο.
520 ## - SUMMARY, ETC.
Summary, etc. Το "Θεμελιώδεις Αρχές Βάσεων Δεδομένων" συνδυάζει σαφείς διευκρινίσεις της θεωρίας και του σχεδιασμού, ευρεία κάλυψη των μοντέλων και πραγματικών συστημάτων καθώς και άριστα παραδείγματα με τις πιο επίκαιρες εισαγωγές στις σύγχρονες τεχνολογίες βάσεων δεδομένων. Η έκδοση αυτή είναι πλήρως αναθεωρημένη και τροποποιημένη και αντανακλά τις τελευταίες τάσεις στην τεχνολογική ανάπτυξη και στην ανάπτυξη των εφαρμογών. Οι καθηγητές Elmasri και Navathe εστιάζουν στο σχεσιακό μοντέλο και καλύπτουν πρόσφατες εξελίξεις στις αντικειμενοστρεφείς επεκτάσεις των συστημάτων στις περιοχές των ενεργών βάσεων δεδομένων, των χρονικών και χωρικών βάσεων δεδομένων και των πληροφοριακών συστημάτων πολυμέσων. Νέα στην Τρίτη Έκδοση - Περιλαμβάνει αναθεωρημένο υλικό στη μοντελοποίηση δεδομένων για σαφή διαχωρισμό της μοντελοποίησης οντοτήτων συσχετίσεων, της μοντελοποίησης στο επεκτεταμένο μοντέλο οντοτήτων συσχετίσεων και της αντικειμενοστρεφούς μοντελοποίησης. - Παρουσιάζει εκτεταμένη κάλυψη της αντικειμενοστρεφούς και της σχεσιο-αντικειμενοστρεφούς προσέγγισης στη διαχείριση δεδομένων, συμπεριλαμβανομένων των ODMG και SQL3. - Χρησιμοποιεί παραδείγματα από πραγματικά συστήματα βάσεων δεδομένων συμπεριλαμβανομένων των ORACLE™ και Microsoft Access?. - Περιλαμβάνει παρουσίαση εφαρμογών υποστήριξης αποφάσεων από αποθήκες δεδομένων και εξόρυξη δεδομένων, καθώς και ανερχόμενες τεχνολογίες βάσεων δεδομένων στο διαδίκτυο, σε βάσεις δεδομένων πολυμέσων και σε δίκτυο κινητών επικοινωνιών. - Καλύπτει την προχωρημένη μοντελοποίηση ενεργών, χρονικών και χωρικών βάσεων δεδομένων. - Καλύπτει θέματα φυσικού σχεδιασμού και ρύθμισης βάσεων δεδομένων. - Παρουσιάζει τρέχουσες περιοχές εφαρμογών βάσεων δεδομένων όπως γεωγραφικά συστήματα πληροφοριών, γονιδιακές βάσεις δεδομένων και ψηφιακές βιβλιοθήκες.
650 #0 - SUBJECT ADDED ENTRY--TOPICAL TERM
Topical term or geographic name entry element Database management
650 #0 - SUBJECT ADDED ENTRY--TOPICAL TERM
Topical term or geographic name entry element Computing
9 (RLIN) 9851
650 #0 - SUBJECT ADDED ENTRY--TOPICAL TERM
Topical term or geographic name entry element Πληροφορική
9 (RLIN) 9850
700 1# - ΠΡΟΣΘΕΤΗ ΑΝΑΓΡΑΦΗ--ΦΥΣΙΚΟ ΠΡΟΣΩΠΟ
Personal name Navathe, Shamkant B.
Σχέση Συγγραφέας
700 1# - ΠΡΟΣΘΕΤΗ ΑΝΑΓΡΑΦΗ--ΦΥΣΙΚΟ ΠΡΟΣΩΠΟ
Personal name Χατζόπουλος, Μιχάλης
Σχέση Μεταφραστής
942 ## - ADDED ENTRY ELEMENTS (KOHA)
Koha item type Books
Holdings
Τύπος τεκμηρίου Βιβλιοθήκη Τρέχουσα τοποθεσία Αριθμός εισαγωγής Ημερομηνία απόκτησης Ταξιθετικό σύμβολο Κατάσταση απόσυρσης Κατάσταση χαμένου Κατάσταση κατεστραμμένου Μη δανεισμός Σύνολο δανεισμών Ημερομηνία τελευταίας εμφάνισης Η τιμή ισχύει από
Books MC Athens Campus Library MC Athens Campus Library 8112 23/07/2025 005.74 ELM           23/07/2025 23/07/2025

MC Athens Campus Library
Πατησίων 94 & Κοδριγκτώνος 13, 104 34
Πελλήνης 8 & Πατησίων 107, 112 51
Τ: +30 210 8899600

MC Thessaloniki Campus Library
Ίωνος Δραγούμη 21, 54625 | Ίωνος Δραγούμη 15, 54625
Τ: +30 2310 287779 – Τ: +30 2314 440300